Statystyki dla Quiz O Unii Europejskiej

Kliknij tutaj aby rozwiązać quiz!

Ogólne statystyki

  • Ten quiz został rozwiązany 209 razy
    (182 od ostatniego zresetowania)
  • Średni wynik to 6 z 7

Statystyki odpowiedzi

PytanieOdpowiedź% Poprawnych
W którym roku Polska dołączyła do UE2004
99%
Państwo skandynawskie które nie jest w UENorwegia
95%
Pierwsze państwa w UEWłochy | Francja | Luksemburg | Belgia | Holandia | Niemcy
94%
Stolica Parlamentu EuropejskiegoBruksela
88%
Największe państwo w UEFrancja
88%
Jakie państwo azjatyckie jest w UECypr
77%
Najmniejsze państwo w UEMalta
68%

Rozkład punktacji

Percentyl według liczby udzielonych odpowiedzi

Procent ludzi z każdym wynikiem

Twoja historia wyników

Nie rozwiązałeś tego quizu od ostatniego zresetowania